000 00419nam a2200169Ia 4500
001 24707
005 20260414151101.0
008 260414t2020||||xx |||||||||||||| ||spa||
041 _aESP
082 _a345.726
_bC22
100 _aCalderón Puertas, Carlos
_eAUT
245 0 _aLa casación civil y la misión de la corte suprema
_b
260 _c2020
650 _aDER
654 _aCDE
942 _cLIB
_dJUS
_fJUS
_2ddc
_n
999 _c24707
_d24707